000
00291nam a22001097a 4500
008
150902b xxu||||| |||| 00| 0 eng d
020
_a
0416335004
082
_a
526 CUF.
100
_a
CUFF, DAVID J.
245
_a
THEMATIC MAPS;
_b
THEIR DESIGN AND PRODUCTION.
260
_a
NEW YORK.
_b
METHUEN
_c
1982
999
_c
1945
_d
1945